Analýza spracovateľskej stability biopolymérov

Saved in:
Bibliographic Details
Main Author: Andicsová, Vanesa (Author)
Other Authors: Sopiak, Dominik (Thesis advisor)
Format: Manuscript Book
Language:Slovak
Published: Bratislava : STU v Bratislave, FEI 2020
Subjects:
Online Access:http://opac.crzp.sk/?fn=detailBiblioForm&sid=FD287398550734C84EB11BBBBA89&seo=CRZP-detail-kniha
Tags: Add Tag
No Tags, Be the first to tag this record!

MARC

LEADER 00000ntm a22000003a 4500
001 stuzp76911
003 SK-STU
005 20200710122004.4
007 ta
008 150427s2015----xo-----f-mn---000-0-slo-d
040 |a STU  |b slo 
041 0 |a slo 
044 |a xo 
100 1 |a Andicsová, Vanesa  |u 035000  |4 aut  |U FEI Fakulta elektrotechniky a informatiky  |T FEI Ústav informatiky a matematiky  |X 80271  |U E050  |Y 816  |7 80271 
242 0 1 |a Analysis of processing stability of biopolymers  |y eng 
245 1 0 |a Analýza spracovateľskej stability biopolymérov 
260 |c 2020  |a Bratislava :  |b STU v Bratislave, FEI 
300 |a 57 s. 
650 4 |a reológia  |2 slo 
650 4 |a Tensorflow  |2 slo 
650 4 |a Keras  |2 slo 
650 4 |a strojové učenie  |2 slo 
650 4 |a biopolymér  |2 slo 
650 4 |a regresia  |2 slo 
650 4 |a machine learning  |2 eng 
650 4 |a rheology  |2 eng 
650 4 |a biopolymer  |2 eng 
650 4 |a Tensorflow  |2 eng 
650 4 |a Keras  |2 eng 
650 4 |a regression  |2 eng 
700 1 |a Sopiak, Dominik  |u 035000  |k Z8  |4 ths  |U FEI Fakulta elektrotechniky a informatiky  |T FEI Ústav informatiky a matematiky  |X 64721  |U E050  |Y 816  |7 A000064721 
856 4 |u http://opac.crzp.sk/?fn=detailBiblioForm&sid=FD287398550734C84EB11BBBBA89&seo=CRZP-detail-kniha